| 000 | 00428nam a2200157 a 4500 | ||
|---|---|---|---|
| 005 | 20140310183320.0 | ||
| 008 | 060303s19uu xx 00 eng d | ||
| 020 | _a0-553-26808-2 | ||
| 050 |
_aPS 3555.R42 _b.Er66 1987 |
||
| 100 | _aErdrich, Louise | ||
| 245 |
_aLove medicine / _ca novel by Louise Erdrich. |
||
| 260 |
_aNew York : _bBantam Books, _c1987. |
||
| 300 |
_a272 p. : _c18 cm. |
||
| 942 |
_cBK _2lcc |
||
| 999 |
_c21386 _d21386 |
||